La identidad latinoamericana como problema filosófico contemporáneo

সংরক্ষণ করুন:
গ্রন্থ-পঞ্জীর বিবরন
প্রধান লেখক: Bonilla, Luis
বিন্যাস: অজ্ঞাত
প্রকাশিত: Heredia, Costa Rica : EUNA,
বিষয়গুলি:
ট্যাগগুলো: ট্যাগ যুক্ত করুন
কোনো ট্যাগ নেই, প্রথমজন হিসাবে ট্যাগ করুন!

MARC

LEADER 000000000a22000000004500
001 000075
022 |a 1409-309X 
041 0 |a español 
100 1 |a Bonilla, Luis 
245 1 0 |a La identidad latinoamericana como problema filosófico contemporáneo 
260 |a Heredia, Costa Rica :   |b EUNA, 
310 |a semestral 
650 4 |a IDENTIDAD LATINOAMERICANA 
650 4 |a ASPECTOS FILOSOFICOS 
773 0 |t Praxis 
773 0 |g 63 
773 0 |g 2009 
773 0 |g 59-73 
999 |c 824  |d 824